| 000 | 00423 a2200169 4500 | ||
|---|---|---|---|
| 005 | 20250613091617.0 | ||
| 020 | _a978-0-07-337944-9 | ||
| 082 | _a657 WIL | ||
| 100 | _aWILD, J. J | ||
| 245 | _aCollege Accounting | ||
| 250 | _a11th Ed. | ||
| 260 |
_aBoston _bMcGraw-Hill Irwin _c2008. |
||
| 300 |
_axxxxiv,845p. _bGlossary and Index _c28 cm |
||
| 700 | _aVernon J. Richardson | ||
| 700 | _aKen W. Shaw | ||
| 942 |
_2ddc _cBKS |
||
| 999 |
_c3528 _d3528 |
||